| 000 | 04224 a2201141 4500 | ||
|---|---|---|---|
| 003 | PE-LiUPU | ||
| 005 | 20250813185703.0 | ||
| 008 | 231227b |||||||| |||| 00| 0 spa d | ||
| 020 | _a9786124097676 | ||
| 040 |
_aPE-LiUPU _bspa _cPE-LiUPU _dPE-LiUPU _erda |
||
| 082 |
_223 _a349 _bS586n |
||
| 100 | 1 | 0 |
_aSilva Vallejo, José Antonio _d1936- _eautor |
| 245 | 1 | 0 |
_aNueva historia general del derecho / _cJosé Antonio Silva Vallejo. |
| 250 | _asegunda edición | ||
| 260 | _c2013. | ||
| 264 |
_aLima : _bFondo Editorial UAP, _c2013. |
||
| 300 |
_a1089 páginas : _bIlustraciones, retratos; _c30 centímetros. |
||
| 504 | _aIncluye referencias bibliográficas. | ||
| 505 | _aMultivocidad del concepto de historia -- Historiología, historiografía -- El concepto de Historiología -- La historiología de Hegel -- El materialismo histórico -- La doctrina social de la iglesia -- La enciclica "Rerum Novarum" -- La enciclica "Quadragésimo Anno" de Pío XI -- otras encíclicas -- el mensaje de Juan Pablo II a los gobernantes, parlamentarios y políticos de todo el mundo -- La muerte de Juan Pablo II, santo, sabio se nuestra época -- La Hitoriología de Spengler , Toynbee, Jacques, Maritain, Jahan Huizinga, Raymond Aron, Collingwood , -- El historicismo la otra gran dimensión de la Historia -- Historicismo de Dilthey, Croce, Mariano Iberico, -- La nueva historia -- El pensamiento sobre el tiempo -- el código de HAmmurabbi -- El derecho Romano -- El concepto del derecho romano -- El genio romano y los grande juristas -- El derecho pre clásico, clásico, post clásico -- El derecho justianianeo -- La teoría pluridimensional del derecho romano -- La escuela de Beirut, Constantinopla o Bizantina -- El derecho en la edad media -- El proceso germánico -- El derecho Romano- Visigótico, Ostrogodo, burgundio - Longobarda -- Periodo del derecho científico El renacimiento y la universidad de Bolonia -- Irnerio y la iniciación de la ciencia medieval del derecho -- Las glosas -- Las Summas-- El derecho canónico -- El surgimiento del derecho comercial -- La intuición sentimental del derecho --La concepción de la teología del derecho -- El código civil Brasileño --La escuela civilista peruana -- El pensamiento jurídico peruano y la academia peruana del derecho. | ||
| 526 | _aP202 | ||
| 526 | _aP201 | ||
| 526 | _aP163 | ||
| 526 | _aP162 | ||
| 526 | _aP161 | ||
| 526 | _aP160 | ||
| 526 | _aP148 | ||
| 526 | _aP147 | ||
| 526 | _aP146 | ||
| 526 | _aP145 | ||
| 526 | _aP144 | ||
| 526 | _aP143 | ||
| 526 | _aP142 | ||
| 526 | _aP141 | ||
| 526 | _aP140 | ||
| 526 | _aP139 | ||
| 526 | _aP138 | ||
| 526 | _aP137 | ||
| 526 | _aP136 | ||
| 526 | _aP135 | ||
| 526 | _aP134 | ||
| 526 | _aP133 | ||
| 526 | _aP129 | ||
| 526 | _aP128 | ||
| 526 | _aP127 | ||
| 526 | _aP120 | ||
| 526 | _aP119 | ||
| 526 | _aP118 | ||
| 526 | _aP116 | ||
| 526 | _aP115 | ||
| 526 | _aP114 | ||
| 526 | _aP110 | ||
| 526 | _aP109 | ||
| 526 | _aP108 | ||
| 526 | _aP104 | ||
| 526 | _aP103 | ||
| 526 | _aP102 | ||
| 526 | _aP99 | ||
| 526 | _aP98 | ||
| 526 | _aP97 | ||
| 526 | _aP96 | ||
| 526 | _aP95 | ||
| 526 | _aP93 | ||
| 526 | _aP90 | ||
| 526 | _aP89 | ||
| 526 | _aP88 | ||
| 526 | _aP83 | ||
| 526 | _aP82 | ||
| 526 | _aP62 | ||
| 526 | _aP59 | ||
| 526 | _aP58 | ||
| 526 | _aP57 | ||
| 526 | _aP51 | ||
| 526 | _aP49 | ||
| 526 | _aP48 | ||
| 526 | _aP47 | ||
| 526 | _aP29 | ||
| 526 | _aP24 | ||
| 526 | _aP20 | ||
| 526 | _aP19 | ||
| 526 | _aP17 | ||
| 526 | _aP15 | ||
| 526 | _aP14 | ||
| 526 | _aP12 | ||
| 526 | _aP10 | ||
| 526 | _aP09 | ||
| 526 | _aP08 | ||
| 526 | _aP07 | ||
| 526 | _aP06 | ||
| 526 | _aP05 | ||
| 526 | _aP04 | ||
| 526 | _aP01 | ||
| 650 | 1 | 0 |
_aDerecho _xHistoria _93605 |
| 650 | 2 | 8 |
_aDerecho _zPerú _xHistoria. _93606 |
| 710 |
_aUniversidad Alas Peruanas. _93607 |
||
| 942 |
_cBK _2ddc _n0 |
||
| 980 |
_621515 _aDIGNA BRAÑES Analista Documental _81 _gALBERTO SANCHEZ Responsable de Automatización |
||
| 999 |
_c62238 _d62237 |
||